| 000 | 00466nam a2200193Ia 4500 | ||
|---|---|---|---|
| 008 | 210210b2005 xxu||||| |||| 00| 0 eng d | ||
| 041 | _aeng | ||
| 082 | _a891.464 JEMV | ||
| 100 | _aJEMMA (Padil) Psued Jerom Pirera | ||
| 245 | _aVinchnar chintap ani bhogna | ||
| 260 |
_aManglur _bAshavadi Prakashan _c2005 |
||
| 300 | _a122 | ||
| 650 | _aVinchnar | ||
| 650 | _achintap | ||
| 650 | _abhogna | ||
| 650 | _aani | ||
| 690 | _aKonkani Prose | ||
| 906 | _a064069 | ||
| 999 |
_c139344 _d139344 |
||